<?xml version="1.0" encoding="UTF-8"?>
<record
    xmlns:xsi="http://www.w3.org/2001/XMLSchema-instance"
    xsi:schemaLocation="http://www.loc.gov/MARC21/slim http://www.loc.gov/standards/marcxml/schema/MARC21slim.xsd"
    xmlns="http://www.loc.gov/MARC21/slim">

  <leader>00809cam a22002531  4500</leader>
  <controlfield tag="001">ne 68000661 </controlfield>
  <controlfield tag="003">DLC</controlfield>
  <controlfield tag="005">20260227111838.0</controlfield>
  <controlfield tag="008">881028s1966    xx            000 0 ara  </controlfield>
  <datafield tag="010" ind1=" " ind2=" ">
    <subfield code="a">ne 68000661 </subfield>
  </datafield>
  <datafield tag="035" ind1=" " ind2=" ">
    <subfield code="a">(OCoLC)23482824</subfield>
  </datafield>
  <datafield tag="040" ind1=" " ind2=" ">
    <subfield code="a">DLC</subfield>
    <subfield code="c">MiU</subfield>
    <subfield code="d">DLC</subfield>
  </datafield>
  <datafield tag="042" ind1=" " ind2=" ">
    <subfield code="a">premarc</subfield>
  </datafield>
  <datafield tag="050" ind1="0" ind2="0">
    <subfield code="a">PJ6759</subfield>
    <subfield code="b">.M3</subfield>
  </datafield>
  <datafield tag="100" ind1="1" ind2=" ">
    <subfield code="a">Ma&#x1E6D;ar, &#x2BB;Abd al-&#x2BB;Az&#x12B;z.</subfield>
  </datafield>
  <datafield tag="245" ind1="1" ind2="0">
    <subfield code="a">La&#x1E25;n al-&#x2BB;&#x101;mmah.</subfield>
  </datafield>
  <datafield tag="260" ind1=" " ind2=" ">
    <subfield code="c">1966.</subfield>
  </datafield>
  <datafield tag="300" ind1=" " ind2=" ">
    <subfield code="a">313 p.</subfield>
    <subfield code="c">27 cm.</subfield>
  </datafield>
  <datafield tag="500" ind1=" " ind2=" ">
    <subfield code="a">Romanized.</subfield>
  </datafield>
  <datafield tag="600" ind1="1" ind2="0">
    <subfield code="a">Ibn Makk&#x12B;, &#x2BB;Umar ibn Khalaf,</subfield>
    <subfield code="d">-1107?</subfield>
    <subfield code="t">Tathq&#x12B;f al-lis&#x101;n.</subfield>
  </datafield>
  <datafield tag="600" ind1="2" ind2="0">
    <subfield code="a">Ibn al-Jawz&#x12B;, Ab&#x16B; al-Faraj &#x2BB;Abd al-Ra&#x1E25;m&#x101;n ibn &#x2BB;Al&#x12B;,</subfield>
    <subfield code="d">approximately 1116-1201.</subfield>
    <subfield code="t">Taqw&#x12B;m al-lis&#x101;n.</subfield>
  </datafield>
  <datafield tag="600" ind1="1" ind2="0">
    <subfield code="a">Zubayd&#x12B;, Mu&#x1E25;ammad ibn al-&#x1E24;usan,</subfield>
    <subfield code="d">918-989.</subfield>
    <subfield code="t">La&#x1E25;n al-&#x2BB;&#x101;mmah.</subfield>
  </datafield>
  <datafield tag="830" ind1=" " ind2="0">
    <subfield code="a">Maktabah al-&#x2BB;Arab&#x12B;yah ;</subfield>
    <subfield code="v">51.</subfield>
  </datafield>
  <datafield tag="999" ind1=" " ind2=" ">
    <subfield code="c">50131</subfield>
    <subfield code="d">50131</subfield>
  </datafield>
</record>
